NATURE, HUMAN NATURE, AND SOCIETY (Record no. 425)
[ view plain ]
| 000 -LEADER | |
|---|---|
| fixed length control field | 00324nam a22001097a 4500 |
| 008 - FIXED-LENGTH DATA ELEMENTS--GENERAL INFORMATION | |
| fixed length control field | 150821b xxu||||| |||| 00| 0 eng d |
| 020 ## - INTERNATIONAL STANDARD BOOK NUMBER | |
| International Standard Book Number | 0313231613 |
| 082 ## - | |
| Classification number | 306.01 HEY |
| 100 ## - MAIN ENTRY--PERSONAL NAME | |
| Personal name | HEYER PAUL |
| 245 ## - TITLE STATEMENT | |
| Title | NATURE, HUMAN NATURE, AND SOCIETY |
| Remainder of title | MARX, DARWIN, BIOLOGY AND HUMAN SCIENCES |
| 260 ## - PUBLICATION, DISTRIBUTION, ETC. (IMPRINT) | |
| Place of publication, distribution, etc. | LONDON |
| Name of publisher, distributor, etc. | GREENWOOD PRESS |
| Date of publication, distribution, etc. | 1982 |
| Withdrawn status | Lost status | Source of classification or shelving scheme | Damaged status | Koha normalized classification for sorting | Not for loan | Home library | Current library | Shelving location | Date acquired | Total Checkouts | Full call number | Barcode | Date last seen | Price effective from | Koha item type |
|---|---|---|---|---|---|---|---|---|---|---|---|---|---|---|---|
| Dewey Decimal Classification | 306_010000000000000_HEY | Dodoma | Dodoma | Ground Floor | 21/08/2015 | 306.01 HEY | 0000000011589 | 29/07/2019 | 21/08/2015 | BOOKS |
